Banka na drátě
Ponuka najnovších homebankingových produktov v ďalších českých peňažných ústavoch: Erste Bank Sparkassen, Moravia banka, První městská banka, Union banka a Živnostenská banka.
Salvato in:
| Autore principale: | |
|---|---|
| Natura: | Capitolo di libro |
| Lingua: | slovacco |
| Soggetti: | |
| Tags: |
Nessun Tag, puoi essere il primo ad aggiungerne!!
|
MARC
| LEADER | 00000naa a2200000 4500 | ||
|---|---|---|---|
| 001 | r035757 | ||
| 005 | 20230612103538.1 | ||
| 041 | 0 | |a slo | |
| 044 | |a SK | ||
| 245 | 1 | 0 | |a Banka na drátě |c Michal Přádka |
| 520 | |a Ponuka najnovších homebankingových produktov v ďalších českých peňažných ústavoch: Erste Bank Sparkassen, Moravia banka, První městská banka, Union banka a Živnostenská banka. | ||
| 610 | 2 | 0 | |a bankovníctvo elektronické |
| 610 | 2 | 0 | |a homebanking |
| 610 | 2 | 0 | |a telebanking |
| 610 | 2 | 0 | |a internetbanking |
| 610 | 2 | 0 | |a služby bankové |
| 610 | 2 | 0 | |a operácie bankové |
| 610 | 2 | 0 | |a Česko |
| 610 | 2 | 0 | |a Erste Bank Sparkassen |
| 610 | 2 | 0 | |a Moravia banka |
| 610 | 2 | 0 | |a První městská banka |
| 610 | 2 | 0 | |a Union banka |
| 610 | 2 | 0 | |a Živnostenská banka Praha |
| 100 | 1 | |a Přádka, Michal | |